Pokémon avec les plus grands PV - A-Z - Statistiques

Statistiques générales
  • Ce quiz a été pris 79 fois
  • Le résultat moyen est 7 sur 26
Statistiques - réponses
Lettre P.V. Pokémon % Correct
L 255 Leuphorie
90%
X 126 Xerneas
71%
W 170 Wailord
69%
Z 216 Zygarde (Forme Parfaite)
69%
Y 126 Yveltal
67%
U 90 Ursaring
51%
G 150 Giratina | Grodrive
45%
E 223 Engloutyran
37%
Q 190 Qulbutoké
35%
S 137 Solgaleo
27%
K 125 Kyurem
24%
R 200 Regidrago
20%
N 103 Nanméouïe
18%
J 120 Judokrak
16%
O 95 Okéoké
14%
V 110 Vaututrice
14%
M 165 Mamanbo
12%
H 144 Hariyama
10%
F 95 Félinferno | Flagadoss (Kanto et Galar) | Frison
8%
T 111 Tritosor
8%
A 130 Aquali
4%
C 123 Chevroum
4%
D 123 Dragmara
4%
B 110 Barbicha
2%
I 100 Insolourdo
2%
P 122 Pachyradjah
0%
Aucun quiz correspondant
Distribution des résultats
% des personnes avec chaque résultat
Percentile par nombre de réponses
Votre historique - résultats
Vous n’avez pas pris ce quiz